[Event "SR 2. liga A 2007/2008"]
[Site "?"]
[Date "2008.01.12"]
[Round "7.4"]
[White "Horvath, Mario"]
[Black "Hecko, Dusan"]
[Result "1-0"]
[WhiteElo "2283"]
[BlackElo "2123"]
[Annotator "Fritz 9 (20s)"]
[PlyCount "74"]
[EventDate "2007.??.??"]

{A55: Old Indian Defence with Nf3 and e4} 1. d4 Nf6 2. c4 d6 3. Nf3 Nbd7 4. Nc3
e5 5. e4 Be7 6. Be2 O-O 7. O-O Re8 8. Qc2 c6 9. Rb1 {last book move} Qc7 ({
Kniz. Fritz} 9... a6 10. b4 Qc7 11. h3 exd4 12. Nxd4 Bf8 13. Bf4 b5 14. Nf3
bxc4 15. Bxc4 Ne5 16. Nxe5 dxe5 17. Be3 Rb8) 10. h3 Bf8 (10... exd4 11. Nxd4 a5
12. Be3 $11) 11. b4 g6 (11... a5 12. a3 $11) 12. Be3 $14 Bg7 13. Rfc1 Nf8 14.
d5 $16 Bd7 15. Qb3 b6 16. a4 h6 17. Nd2 g5 18. a5 Ng6 19. dxc6 $18 Bxc6 20. Nd5
Bxd5 21. cxd5 Qd8 22. axb6 axb6 23. f3 Nf4 24. Bb5 Re7 25. Ra1 Rxa1 26. Rxa1 h5
$2 (26... Rb7 27. Kh2 $18) 27. Qa2 Rb7 28. Qa6 Rb8 29. Qa7 g4 $16 30. hxg4 (30.
Kh2 $5 $16) 30... hxg4 $14 31. Bc6 Bf8 (31... Bh6 $5 {je zaujimava idea} 32.
Kf1 N6h5 33. Qxb8 Qxb8 $11) 32. Ra6 N6h5 33. Rxb6 $4 {stazuje si zivot} (33.
Qd7 $142 Qxd7 34. Bxd7 gxf3 35. gxf3 $18 (35. Nxf3 $6 Nd3 $14)) 33... Rxb6 (
33... Qh4 $142 {stahuje slucku okolo krala} 34. Bb5 Rxb6 35. Bxb6 $19) 34. Qxb6
Qh4 35. Bb5 $4 {biely straca nervy} (35. Bxf4 Qe1+ 36. Nf1 Nxf4 37. Bb5 Qxb4
38. fxg4 Qxe4 39. Ne3 $19) 35... Qg3 36. Bf1 (36. Kf1 {nepomahalo} Qxg2+ 37.
Ke1 Qh1+ 38. Bg1 $19) 36... gxf3 (36... Bh6 37. b5 Nh3+ 38. Kh1 Bxe3 39. Qb8+
Kg7 40. Qg8+ Kxg8 41. fxg4 Nf2+ 42. Kg1 Nxe4+ 43. Kh1 Qh4#) 37. Nxf3 $17 Qg7 {
time} (37... Nf6 $142 $15) 1-0

[Event "SR 2. liga A 2007/2008"]
[Site "?"]
[Date "2008.01.12"]
[Round "7.4"]
[White "Matulik, Daniel"]
[Black "Lahucky, Pavol"]
[Result "1-0"]
[WhiteElo "2163"]
[BlackElo "2094"]
[PlyCount "66"]
[EventDate "2007.??.??"]

1. d4 f5 2. c4 g6 3. Nc3 Nf6 4. Nf3 Bg7 5. e3 O-O 6. Bd3 c6 7. O-O d6 8. h3 Qc7
9. e4 fxe4 10. Nxe4 Nxe4 11. Bxe4 e5 12. dxe5 dxe5 13. Be3 Nd7 14. Nd2 Nf6 15.
Bc2 Be6 16. Qe2 Nh5 17. Rfd1 Nf4 18. Qf1 Bh6 19. Bc5 Rfd8 20. Ne4 b6 21. Bd6
Qg7 22. b4 a6 23. Rab1 Bf7 24. Be7 Rxd1 25. Rxd1 Be6 26. Bf6 Qc7 27. Bb3 Nh5
28. Bg5 Bf8 29. Bd2 Be7 30. Ng5 Bxg5 31. Bxg5 Rf8 32. Bh6 Re8 33. Qd3 Bf7 1-0

[Event "SR 2. liga A 2007/2008"]
[Site "?"]
[Date "2008.01.12"]
[Round "7.4"]
[White "Todor, Razvan"]
[Black "Goga, Frantisek"]
[Result "1-0"]
[WhiteElo "2181"]
[BlackElo "1990"]
[PlyCount "77"]
[EventDate "2007.??.??"]
[WhiteTeam "Doprastav B"]
[BlackTeam "Doprastav D"]

1. e4 c5 2. Nf3 d6 3. d4 cxd4 4. Nxd4 Nf6 5. Nc3 a6 6. Be2 e5 7. Nb3 Be6 8. Be3
Be7 9. f3 d5 10. exd5 Nxd5 11. Nxd5 Bxd5 12. Qd2 O-O 13. O-O-O Bc6 14. Qc3 Qc7
15. Bd3 Rc8 16. Na5 Bf6 17. Bf5 e4 18. Qc5 Re8 19. Nxc6 Nxc6 20. Rd7 Qe5 21.
Qxe5 Nxe5 22. Rxb7 exf3 23. gxf3 Nxf3 24. Bf4 Nd4 25. Bd3 Ne2+ 26. Bxe2 Rxe2
27. Rf1 Bd4 28. c3 Rf2 29. Rxf2 Bxf2 30. a4 h6 31. Bb8 Kf8 32. a5 Ke8 33. Kc2
g5 34. b4 h5 35. c4 f5 36. c5 Kd8 37. c6 Kc8 38. Bd6 Bd4 39. Rc7+ 1-0

[Event "SR 2. liga A 2007/2008"]
[Site "?"]
[Date "2008.01.12"]
[Round "7.5"]
[White "Diviak, Rastislav"]
[Black "Janko, Ladislav"]
[Result "0-1"]
[WhiteElo "2014"]
[BlackElo "2195"]
[PlyCount "92"]
[EventDate "2007.??.??"]

{B07: Pirc Defence: Miscellaneous Systems} 1. e4 c6 2. d4 d5 3. Nc3 g6 4. h3
Bg7 5. Nf3 Nh6 6. Bf4 O-O 7. Qd2 dxe4 8. Nxe4 Nf5 9. c3 Nd6 10. Bd3 Nxe4 11.
Bxe4 Be6 12. O-O Bd5 13. Rfe1 Nd7 14. Bxd5 cxd5 15. Ne5 Nxe5 16. Bxe5 Rc8 17.
h4 e6 18. g3 h6 19. Bxg7 Kxg7 20. Qe2 h5 21. Kg2 Qd6 22. Qe5+ Qxe5 23. Rxe5 b5
24. a3 Rc4 25. Kf3 a5 26. Ke3 b4 27. axb4 axb4 28. Kd3 Rfc8 29. Ra4 bxc3 30.
Rxc4 Rxc4 31. bxc3 Kf6 32. Re3 Ra4 33. Re2 Ra1 34. Rc2 Kf5 35. Ke2 f6 36. Kf3
e5 37. dxe5 fxe5 38. Rd2 e4+ 39. Ke3 Ke5 40. f4+ exf3 41. Kxf3 Re1 42. Rd4 Rf1+
43. Ke3 Rc1 44. Rd3 Rxc3 45. Ke2 Rxd3 46. Kxd3 d4 0-1

[Event "SR 2. liga A 2007/2008"]
[Site "?"]
[Date "2008.01.12"]
[Round "7.5"]
[White "Gajarsky, Roman"]
[Black "Blatnicky, Miroslav"]
[Result "0-1"]
[WhiteElo "1981"]
[BlackElo "2135"]
[PlyCount "80"]
[EventDate "2007.??.??"]

1. e4 e6 2. d4 d5 3. e5 c5 4. c3 Nc6 5. Nf3 Qb6 6. Bd3 Bd7 7. Bc2 cxd4 8. cxd4
Nb4 9. O-O Nxc2 10. Qxc2 Rc8 11. Nc3 Ne7 12. g4 h5 13. h3 hxg4 14. hxg4 Ng6 15.
Be3 Nh4 16. Nxh4 Rxh4 17. f3 Bb5 18. Rf2 Bb4 19. Rh2 Rxh2 20. Kxh2 Kd7 21. Kg2
Qc7 22. Qb3 Qc4 23. Nxb5 Qxb5 24. a3 Qe2+ 25. Bf2 Rc2 26. Rf1 Be7 27. Qxb7+ Rc7
28. Qb8 Bh4 29. Qb4 g6 30. Qd6+ Kc8 31. Qf8+ Bd8 32. b3 f5 33. exf6 Rc3 34. Qh8
Qxf3+ 35. Kh2 Qf4+ 36. Kh1 Qxg4 37. Be3 Qe4+ 38. Kh2 Qxe3 39. f7 Rc2+ 40. Kh1
Qe4+ 0-1

[Event "SR 2. liga A 2007/2008"]
[Site "?"]
[Date "2008.01.12"]
[Round "7.5"]
[White "Nepras, Martin"]
[Black "Petrik, Karol"]
[Result "0-1"]
[WhiteElo "1984"]
[BlackElo "2167"]
[PlyCount "138"]
[EventDate "2007.??.??"]
[WhiteTeam "Doprastav D"]
[BlackTeam "Doprastav B"]

1. d4 Nf6 2. c4 c5 3. d5 b5 4. e3 g6 5. Nf3 bxc4 6. Bxc4 Bg7 7. O-O O-O 8. Nc3
d6 9. Qc2 Nbd7 10. e4 Rb8 11. Re1 Qa5 12. Bd2 Ng4 13. Nb5 Qb6 14. Rab1 Ba6 15.
a4 Rfc8 16. h3 Nge5 17. Nxe5 Nxe5 18. b3 Re8 19. f4 Nd7 20. Bc3 Nf6 21. e5 Nd7
22. exd6 exd6 23. Rxe8+ (23. Bxg7 $1 Kxg7 24. Qc3+ Kg8 25. a5 $1 $18) 23...
Rxe8 24. a5 Qb8 25. Na3 Bc8 26. Bxg7 Kxg7 27. Qc3+ Kg8 28. b4 cxb4 29. Rxb4 Qc7
30. Nb5 Qxa5 31. Kh2 Qb6 32. Nd4 Qc5 33. Rb5 Qc7 34. Nc6 Nc5 35. Qf6 Ne4 36.
Qd4 Bd7 37. Ra5 Bxc6 38. Rxa7 Bb7 39. Bb5 Re7 40. Bc6 Qb8 41. Rxb7 Rxb7 42.
Bxb7 Nc5 43. Bc6 Qd8 44. Qe3 Qf6 45. Bb5 Qf5 46. Bc4 h5 47. Qf3 h4 48. Bb5 Qb1
49. Bc4 Qc1 50. Bb5 Qd2 51. f5 g5 52. Be2 Qd4 53. Qg4 Qxg4 54. hxg4 Kg7 55. g3
hxg3+ 56. Kxg3 Kf6 57. Kf3 Ke5 58. Bc4 Kd4 59. Ba2 f6 60. Bb1 Kxd5 61. Ke3 Ke5
62. Bc2 d5 63. Bd1 d4+ 64. Kf3 Kd5 65. Bc2 d3 66. Bd1 Kd4 67. Kf2 Ne4+ 68. Kf3
Nc3 69. Bb3 d2 0-1

[Event "SR 2. liga A 2007/2008"]
[Site "?"]
[Date "2008.01.12"]
[Round "7.6"]
[White "Farkas, Vladimir"]
[Black "Tomanek, Rafael"]
[Result "0-1"]
[WhiteElo "2076"]
[BlackElo "1998"]
[PlyCount "58"]
[EventDate "2007.??.??"]
[WhiteTeam "Doprastav B"]
[BlackTeam "Doprastav D"]

1. e4 c6 2. Nc3 d5 3. d3 dxe4 4. Nxe4 Nf6 5. Qe2 Nxe4 6. dxe4 g6 7. Be3 Bg7 8.
c3 O-O 9. Nf3 Nd7 10. Qc2 Qc7 11. Be2 b6 12. O-O Bb7 13. Nd2 Rad8 14. f4 c5 15.
Rf2 Nf6 16. Raf1 Qc6 17. Bf3 Qd7 18. h3 Qd3 19. Qxd3 Rxd3 20. Re1 Rd7 21. g4
Rfd8 22. h4 h5 23. gxh5 Nxh5 24. Bxh5 gxh5 25. Rg2 Kh7 26. Kh2 Bh6 27. Nf3 f6
28. Bc1 Rd1 29. Rge2 Rxc1 0-1

[Event "SR 2. liga A 2007/2008"]
[Site "?"]
[Date "2008.01.12"]
[Round "7.6"]
[White "Nagy, Tomas"]
[Black "Pericka, Tomas"]
[Result "1-0"]
[WhiteElo "2155"]
[BlackElo "1895"]
[PlyCount "65"]
[EventDate "2007.??.??"]

{B07: Pirc Defence: Miscellaneous Systems} 1. d4 Nf6 2. Nf3 d5 3. c4 e6 4. Nc3
c6 5. e3 Be7 6. Bd3 O-O 7. O-O Nbd7 8. e4 dxe4 9. Nxe4 c5 10. Nxc5 Nxc5 11.
dxc5 Qc7 12. Bg5 h6 13. Bh4 Qxc5 14. Qe2 Rd8 15. Rad1 Bd7 16. Ne5 Bc6 17. Kh1
Nd7 18. Nxc6 bxc6 19. Bg3 Nf6 20. Bf4 Bd6 21. Be3 Qh5 22. Qxh5 Nxh5 23. Be4
Rab8 24. Bxa7 Rxb2 25. c5 Bc7 26. Rxd8+ Bxd8 27. Rd1 Bc7 28. Bb6 Bxb6 29. cxb6
f5 30. Rb1 Rxb1+ 31. Bxb1 Nf6 32. b7 Nd7 33. a4 1-0

[Event "SR 2. liga A 2007/2008"]
[Site "?"]
[Date "2008.01.12"]
[Round "7.6"]
[White "Pobjecky, Ivan"]
[Black "Peska, Juraj"]
[Result "0-1"]
[WhiteElo "2040"]
[BlackElo "1966"]
[PlyCount "94"]
[EventDate "2007.??.??"]

1. e4 e5 2. Nf3 d6 3. d4 exd4 4. Nxd4 Nf6 5. Nc3 Be7 6. Bc4 O-O 7. O-O Bd7 8.
f4 Nc6 9. Nf3 Bg4 10. h3 Bxf3 11. Qxf3 Nd7 12. b3 Bf6 13. Bb2 a6 14. a4 Re8 15.
Rab1 Nc5 16. Bd3 Nd4 17. Qd1 c6 18. Ne2 Nxe2+ 19. Qxe2 Bxb2 20. Rxb2 Qf6 21.
Rbb1 Qd4+ 22. Kh1 Nxe4 23. Bxe4 Rxe4 24. Qf3 Rae8 25. Rbd1 Qc5 26. Rd2 d5 27.
Kh2 h6 28. Rdf2 Re3 29. Qd1 Qe7 30. Qd4 Qh4 31. Qb6 Qg3+ 32. Kg1 R8e7 33. Qd8+
Kh7 34. Qa5 Re2 35. Qb4 Qg6 36. f5 Qg5 37. Qc3 R7e3 38. Qd4 Rxf2 39. Rxf2 Rxh3
40. f6 Qc1+ 41. Rf1 Qe3+ 42. Qxe3 Rxe3 43. fxg7 Kxg7 44. Rf2 Re1+ 45. Kh2 Kg6
46. Kg3 f5 47. Kf4 Re4+ 0-1

[Event "SR 2. liga A 2007/2008"]
[Site "?"]
[Date "2008.01.12"]
[Round "7.7"]
[White "Halasz, Michal"]
[Black "Krajnak, Robert"]
[Result "0-1"]
[WhiteElo "1859"]
[BlackElo "2118"]
[PlyCount "110"]
[EventDate "2007.??.??"]
[WhiteTeam "Doprastav D"]
[BlackTeam "Doprastav B"]

1. Nf3 c5 2. b3 Nf6 3. Bb2 e6 4. e3 Be7 5. g3 b6 6. Bg2 Bb7 7. O-O O-O 8. Nc3
Na6 9. a3 Rc8 10. d3 Qc7 11. Qe2 Qb8 12. Rfd1 Nc7 13. e4 d6 14. Nd2 b5 15. Rac1
a5 16. Rb1 Nd7 17. Na2 Rfe8 18. c4 Nb6 19. Qg4 Bf8 20. Nf3 a4 21. bxa4 bxc4 22.
a5 Na4 23. Ba1 Qa8 24. Nd2 cxd3 25. Nc4 Qa6 26. Rbc1 d5 27. Nb6 Nxb6 28. axb6
Qxb6 29. Rxd3 d4 30. Qd1 e5 31. Rb3 Qa7 32. f3 Ne6 33. Bf1 Ba6 34. Bc4 Bxc4 35.
Rxc4 Rb8 36. Nc1 Rxb3 37. Qxb3 Rb8 38. Qa2 Qa6 39. Nd3 f6 40. Nxc5 Rb1+ 41.
Qxb1 Qxc4 42. Nxe6 Qxe6 43. a4 Qc4 44. Qd1 d3 45. Bb2 Bb4 46. Kf2 h5 47. Ke3
Bc5+ 48. Kd2 Bb4+ 49. Ke3 d2 50. f4 exf4+ 51. gxf4 h4 52. f5 Qa2 53. Bxf6 Qa3+
54. Kf2 Qh3 55. Be5 Bc5+ 0-1

[Event "SR 2. liga A 2007/2008"]
[Site "?"]
[Date "2008.01.12"]
[Round "7.7"]
[White "Hanzluvka, Peter"]
[Black "Nagy, Attilla"]
[Result "0-1"]
[WhiteElo "2052"]
[BlackElo "2171"]
[PlyCount "92"]
[EventDate "2007.??.??"]

{B07: Pirc Defence: Miscellaneous Systems} 1. e4 c5 2. Nf3 Nc6 3. d4 cxd4 4.
Nxd4 Nf6 5. Nc3 e5 6. Nb3 Bb4 7. Bd3 d5 8. exd5 Nxd5 9. Bd2 Nxc3 10. bxc3 Be7
11. Qf3 O-O 12. O-O f5 13. Bb5 Be6 14. Rfd1 Qc7 15. Qe2 Nd8 16. Nc1 e4 17. Ba4
Bf6 18. Qe3 Bc4 19. Bb3 Ne6 20. Qe1 Rae8 21. Ne2 f4 22. Rab1 b5 23. Bc1 f3 24.
Ng3 Nf4 25. Ba3 Nxg2 26. Qd2 Rd8 27. Bd6 Qc6 28. Bxc4+ bxc4 29. Qd5+ Qxd5 30.
Rxd5 Rfe8 31. Rbd1 g6 32. Bc5 Rxd5 33. Rxd5 a6 34. Bd4 Nf4 35. Rd6 Rb8 36. Rb6
Rxb6 37. Bxb6 Ne2+ 38. Kf1 Nxg3+ 39. fxg3 Bxc3 40. Kf2 Bd2 41. Bd4 Kf7 42. Bc5
Ke6 43. Bb6 Kd5 44. Ba7 Bb4 45. Bb8 Bc5+ 46. Kf1 e3 0-1

[Event "SR 2. liga A 2007/2008"]
[Site "?"]
[Date "2008.01.12"]
[Round "7.7"]
[White "Synak, Jan"]
[Black "Furjel, Andrej"]
[Result "1/2-1/2"]
[WhiteElo "1944"]
[BlackElo "2033"]
[PlyCount "84"]
[EventDate "2007.??.??"]

1. Nf3 Nf6 2. c4 g6 3. d4 Bg7 4. Nc3 O-O 5. g3 d6 6. Bg2 Nbd7 7. O-O e5 8. Qc2
c6 9. Rd1 Qc7 10. b3 Re8 11. dxe5 dxe5 12. Bb2 Nc5 13. e4 Bg4 14. h3 Bxf3 15.
Bxf3 Rad8 16. Ne2 Bf8 17. Bg2 Nh5 18. Bc3 f6 19. b4 Ne6 20. Qb3 Qf7 21. a4 g5
22. c5 Nhg7 23. Qc4 Rxd1+ 24. Rxd1 Rd8 25. Rxd8 Nxd8 26. Qxf7+ Kxf7 27. f4 gxf4
28. gxf4 exf4 29. Nxf4 Nde6 30. Nxe6 Nxe6 31. Kf2 a5 32. bxa5 Nxc5 33. Ke3 Nxa4
34. Be1 Bd6 35. Bf3 Nc5 36. Be2 Ke7 37. Bc4 Ne6 38. Bf1 Nc5 39. Bc4 Ne6 40. Bf1
Be5 41. Bb4+ Bd6 42. Be1 Be5 1/2-1/2

[Event "SR 2. liga A 2007/2008"]
[Site "?"]
[Date "2008.01.12"]
[Round "7.8"]
[White "Deak, Gabriel"]
[Black "Michalko, Peter"]
[Result "0-1"]
[WhiteElo "2057"]
[BlackElo "1605"]
[PlyCount "70"]
[EventDate "2007.??.??"]
[WhiteTeam "Doprastav B"]
[BlackTeam "Doprastav D"]

1. d4 d5 2. Nf3 Nf6 3. Bg5 Ne4 4. Bf4 c5 5. e3 Qb6 6. Qc1 Nc6 7. dxc5 Qxc5 8.
Bd3 Bf5 9. O-O f6 10. Nfd2 e5 11. Bxe4 dxe4 12. Bg3 Bg6 13. Nc3 f5 14. Nb3 Qc4
15. Rd1 Bb4 16. Nd5 O-O 17. c3 Bd6 18. Nb6 Qe6 19. Nxa8 f4 20. Bh4 Bh5 21. Rxd6
Qxd6 22. Qd2 Qg6 23. Nc7 Bf3 24. Bg3 fxg3 25. hxg3 Rd8 26. Nd5 Qf7 27. c4 b5
28. cxb5 Rxd5 29. Qc2 Ne7 30. gxf3 Qxf3 31. Nd2 Qe2 32. Rd1 Kf8 33. a4 h5 34.
b4 h4 35. gxh4 Rd6 0-1

[Event "SR 2. liga A 2007/2008"]
[Site "?"]
[Date "2008.01.12"]
[Round "7.8"]
[White "Gono, Michal"]
[Black "Kollarik, Gorazd"]
[Result "1/2-1/2"]
[WhiteElo "1682"]
[BlackElo "1972"]
[PlyCount "104"]
[EventDate "2007.??.??"]

1. c4 Nf6 2. Nc3 e6 3. d4 Bb4 4. Qc2 d5 5. Bg5 O-O 6. e3 h6 7. Bh4 b6 8. Nf3
Bb7 9. a3 Be7 10. cxd5 Nxd5 11. Bxe7 Qxe7 12. Be2 Nxc3 13. Qxc3 Rc8 14. O-O c5
15. Rac1 Nd7 16. Rfd1 cxd4 17. Qxd4 Rxc1 18. Rxc1 Rc8 19. Rxc8+ Bxc8 20. b4 Bb7
21. Nd2 Nf6 22. Nc4 Ba6 23. Bf3 Bxc4 24. Qxc4 Qd7 25. h3 Kf8 26. Kf1 Ke7 27.
Ke2 Kf8 28. Qc6 Qxc6 29. Bxc6 Ke7 30. Kd3 Kd6 31. Ba4 Nd5 32. Be8 f6 33. Kd4 g5
34. g3 Nc7 35. Ba4 Nd5 36. Bb3 Ne7 37. Kc4 a6 38. Kd4 Nc6+ 39. Ke4 f5+ 40. Kd3
Ne5+ 41. Ke2 Nc6 42. f4 gxf4 43. gxf4 e5 44. Kf2 exf4 45. exf4 Nd4 46. Bc4 b5
47. Bd3 Ke6 48. Ke3 Nc6 49. Kd2 Ne7 50. Ke3 Nd5+ 51. Kf3 Kf6 52. Bc2 Ne7
1/2-1/2

[Event "SR 2. liga A 2007/2008"]
[Site "?"]
[Date "2008.01.12"]
[Round "7.8"]
[White "Janko, Michal"]
[Black "Cajka, Tibor"]
[Result "1-0"]
[WhiteElo "2134"]
[BlackElo "1830"]
[PlyCount "107"]
[EventDate "2007.??.??"]

{B07: Pirc Defence: Miscellaneous Systems} 1. e4 e5 2. Nf3 Nc6 3. Bb5 a6 4. Ba4
Nf6 5. O-O Be7 6. Re1 b5 7. Bb3 O-O 8. d4 Nxd4 9. Nxd4 exd4 10. e5 Ne8 11. c3
d5 12. cxd4 Bf5 13. Nc3 c6 14. Ne2 Nc7 15. Ng3 Bg6 16. f4 f5 17. exf6 Bxf6 18.
f5 Bf7 19. Bf4 Ne8 20. Be5 Be7 21. Rc1 Rc8 22. Rc2 Nf6 23. Qc1 Qd7 24. Rce2
Rfe8 25. Bc2 c5 26. Qg5 h6 27. Qf4 cxd4 28. Kh1 Rc6 29. Bxd4 Bd6 30. Rxe8+ Bxe8
31. Qd2 Bxg3 32. hxg3 Bf7 33. Bd3 Qc7 34. Be5 Qa7 35. Qf4 Qe7 36. Bc3 Qd8 37.
Qd4 Nh5 38. g4 Qh4+ 39. Kg1 Nf6 40. Re7 Rxc3 41. Qxc3 Qxg4 42. Bc2 Qc4 43. Qxc4
bxc4 44. Ra7 d4 45. Rxa6 d3 46. Bd1 Bd5 47. Kf2 h5 48. Bf3 Bf7 49. Ke3 h4 50.
Ra8+ Kh7 51. Rd8 Kh6 52. a4 Be8 53. a5 Bb5 54. Kf4 1-0

[Event "SR 2. liga A 2007/2008"]
[Site "?"]
[Date "2008.02.02"]
[Round "8.1"]
[White "Abel, Peter"]
[Black "Tepper, Frantisek"]
[Result "1/2-1/2"]
[WhiteElo "2205"]
[BlackElo "2164"]
[PlyCount "32"]
[EventDate "2007.??.??"]
[WhiteTeam "Piestany"]
[BlackTeam "Dopr. Podnik BA"]
[WhiteTeamCountry "SVK"]
[BlackTeamCountry "SVK"]

1. c4 e5 2. Nc3 Nf6 3. Nf3 Nc6 4. e3 d6 5. d4 Be7 6. d5 Nb8 7. Bd3 Nbd7 8. h3
Nc5 9. Bc2 a5 10. O-O O-O 11. e4 h6 12. Be3 b6 13. Nd2 Nh7 14. f4 exf4 15. Bxf4
Bg5 16. Bxg5 Qxg5 1/2-1/2

[Event "SR 2. liga A 2007/2008"]
[Site "?"]
[Date "????.??.??"]
[Round "8.1"]
[White "Kralovic, Andrej"]
[Black "Pagerka, Martin"]
[Result "1-0"]
[WhiteElo "2131"]
[BlackElo "2099"]
[Annotator "Jureak"]
[PlyCount "87"]
[EventDate "2007.??.??"]
[WhiteTeam "Slovakia"]
[BlackTeam "Slovakia"]
[WhiteTeamCountry "SVK"]
[BlackTeamCountry "SVK"]

1. e4 c5 2. Nf3 d6 3. d4 cxd4 4. Nxd4 Nf6 5. Nc3 a6 6. Be3 e5 7. Nb3 Be6 8. f3
Be7 9. Qd2 h5 10. Be2 Nbd7 11. Nd5 Bxd5 12. exd5 Rc8 13. c4 O-O 14. O-O b5 15.
cxb5 axb5 16. Na5 Nxd5 17. Qxd5 Qxa5 18. Qxb5 Qxb5 19. Bxb5 Nf6 20. Rfc1 Nd5
21. Bd2 Rb8 22. a4 Bd8 23. b4 Bb6+ 24. Kh1 Bd4 25. Ra2 Kh8 26. Rc6 Rfd8 27. Rc4
Rdc8 28. Rac2 Rd8 29. Rc1 Bb2 30. Rb1 Bd4 31. Bc6 Ne7 32. b5 Bc5 33. Be4 f5 34.
Bd3 Rdc8 35. Bg5 d5 36. Rxc5 Rxc5 37. Bxe7 Rc3 38. Bxf5 d4 39. Bd6 Re8 40. b6
d3 41. Bb4 Rc4 42. Bxd3 Rd4 43. Be4 Rb8 44. b7 1-0

[Event "SR 2. liga A 2007/2008"]
[Site "?"]
[Date "2008.02.02"]
[Round "8.1"]
[White "Petrik, Stanislav"]
[Black "Cvicela, Anton"]
[Result "0-1"]
[WhiteElo "2223"]
[BlackElo "2277"]
[PlyCount "70"]
[EventDate "2007.??.??"]
[WhiteTeam "Slovakia"]
[BlackTeam "Slovakia"]
[WhiteTeamCountry "SVK"]
[BlackTeamCountry "SVK"]

1. e4 c5 2. Nf3 Nf6 3. e5 Nd5 4. Bc4 e6 5. O-O Nc6 6. c3 d6 7. d4 cxd4 8. cxd4
Be7 9. Nbd2 Qc7 10. Re1 O-O 11. Bd3 Nf4 12. Bb1 dxe5 13. Qc2 Ng6 14. h4 exd4
15. h5 d3 16. Qc4 Nf4 17. h6 g6 18. Ne4 Ne2+ 19. Kf1 Nxc1 20. Qxc1 Rd8 21. Qc3
e5 22. Bxd3 Bb4 23. Qc2 Bxe1 24. Rxe1 Be6 25. Nf6+ Kh8 26. Nxe5 Qd6 27. Nxc6
Qxd3+ 28. Qxd3 Rxd3 29. Nb4 Rd2 30. Re5 Rad8 31. b3 b6 32. Nc6 Rc8 33. Nxa7 Ra8
34. Nc6 Raxa2 35. Ke1 Rdc2 0-1

[Event "SR 2. liga A 2007/2008"]
[Site "?"]
[Date "2008.02.02"]
[Round "8.1"]
[White "Rachela, Milan"]
[Black "Janos, Martin"]
[Result "1/2-1/2"]
[WhiteElo "2316"]
[BlackElo "2252"]
[PlyCount "83"]
[EventDate "2007.??.??"]
[WhiteTeam "Slovakia"]
[BlackTeam "Slovakia"]
[WhiteTeamCountry "SVK"]
[BlackTeamCountry "SVK"]

1. Nf3 d5 2. g3 c5 3. Bg2 Nc6 4. d4 e6 5. O-O Bd7 6. c4 dxc4 7. dxc5 Bxc5 8.
Nbd2 Nf6 9. Nxc4 O-O 10. Nfe5 Nxe5 11. Nxe5 Bb5 12. Bg5 Qxd1 13. Rfxd1 Rad8 14.
Bxb7 Bxe2 15. Re1 Bb5 16. a4 Rb8 17. Bg2 Be8 18. Nd3 Bd4 19. Bf4 Rb3 20. Red1
e5 21. Nxe5 Bxb2 22. Ra2 Bc3 23. Nd3 Kh8 24. Bd6 Rg8 25. Nc5 Rb2 26. Rxb2 Bxb2
27. a5 Bc3 28. a6 Bb5 29. Rb1 Be2 30. Rb7 Rd8 31. Ne4 Nxe4 32. Bxe4 g5 33. Bc5
g4 34. Rb1 Bxa6 35. Bxa7 Be2 36. Be3 Kg7 37. Rc1 Rd1+ 38. Rxd1 Bxd1 39. Bf5 h5
40. h3 Kf6 41. Bd7 Bf3 42. hxg4 1/2-1/2

[Event "SR 2. liga A 2007/2008"]
[Site "?"]
[Date "2008.02.03"]
[Round "8.1"]
[White "Tibensky, Robert"]
[Black "Schwarz, Dusan"]
[Result "0-1"]
[WhiteElo "2431"]
[BlackElo "2292"]
[Annotator ",Kaiko"]
[PlyCount "62"]
[EventDate "2007.??.??"]
[WhiteTeam "Slovakia"]
[BlackTeam "Slovakia"]
[WhiteTeamCountry "SVK"]
[BlackTeamCountry "SVK"]
[TimeControl "240+2"]

{74MB, Hiarcs10.ctg} 1. Nf3 Nf6 2. g3 g6 3. Bg2 Bg7 4. O-O O-O 5. c4 d5 6. cxd5
Nxd5 7. d4 Nc6 8. e4 Nb6 9. d5 Na5 10. Qe1 Nac4 11. Nc3 e6 12. b3 Qf6 13. bxc4
Qxc3 14. Qxc3 Bxc3 15. Rb1 exd5 16. cxd5 Re8 17. Rb3 Bg7 18. Nh4 Bd7 19. Bf4 c5
20. Rbb1 Rac8 21. Rfe1 c4 22. Bd6 c3 23. Rec1 c2 24. Rb4 Bc3 25. Rxb6 axb6 26.
Rxc2 Bd4 27. Bc7 Be5 28. Bxe5 Rxc2 29. Bf4 Rxa2 30. h3 b5 31. Bd6 Rc8 0-1

[Event "SR 2. liga A 2007/2008"]
[Site "?"]
[Date "2008.02.02"]
[Round "8.2"]
[White "Fabry, Robert"]
[Black "Mihalik, Marek"]
[Result "1-0"]
[WhiteElo "2209"]
[BlackElo "2111"]
[PlyCount "35"]
[EventDate "2007.??.??"]
[WhiteTeam "Dopr. Podnik BA"]
[BlackTeam "Piestany"]
[WhiteTeamCountry "SVK"]
[BlackTeamCountry "SVK"]

1. e4 c5 2. Nf3 d6 3. c3 g6 4. Bc4 Bg7 5. d4 Nc6 6. dxc5 dxc5 7. Qxd8+ Nxd8 8.
Bb5+ Bd7 9. Bxd7+ Kxd7 10. Be3 b6 11. Na3 e5 12. O-O-O+ Ke7 13. Rd5 f6 14. Rhd1
Bh6 15. Rd7+ Ke8 16. Nb5 Bxe3+ 17. fxe3 Ne6 18. R7d6 1-0

[Event "SR 2. liga A 2007/2008"]
[Site "?"]
[Date "2008.02.02"]
[Round "8.2"]
[White "Machalova, Erika"]
[Black "Varga, David"]
[Result "1-0"]
[WhiteElo "2106"]
[BlackElo "2293"]
[PlyCount "103"]
[EventDate "2007.??.??"]
[WhiteTeam "Slovakia"]
[BlackTeam "Slovakia"]
[WhiteTeamCountry "SVK"]
[BlackTeamCountry "SVK"]

1. d4 e6 2. c4 Nf6 3. Nc3 d5 4. Bg5 Bb4 5. Nf3 O-O 6. e3 c5 7. cxd5 exd5 8. Qc2
Bg4 9. Ne5 Bh5 10. Bd3 h6 11. Bh4 cxd4 12. exd4 Qb6 13. Qd2 Nbd7 14. Nxd7 Nxd7
15. O-O Rac8 16. Rac1 f5 17. f3 Qxd4+ 18. Bf2 Qe5 19. Bb5 Nf6 20. Bxa7 Bd6 21.
f4 Qe6 22. Rce1 Ne4 23. Qd3 Bb4 24. Bd4 Rfd8 25. Ba4 Bf7 26. Bb3 Qa6 27. Rd1
Qd6 28. Nb5 Qd7 29. a3 Ba5 30. Ba2 Nd2 31. Rf2 Nc4 32. Nc3 Bc7 33. Qg3 g6 34.
Qh4 Kh7 35. Re2 Re8 36. Bxc4 dxc4 37. Qf6 Be6 38. Be5 Bb6+ 39. Kf1 Qf7 40. Rde1
Bd8 41. Qxf7+ Bxf7 42. Rd2 Kg8 43. Rd7 Re7 44. Red1 Rxd7 45. Rxd7 b6 46. Nb5 c3
47. Nxc3 Kf8 48. Kf2 Ke8 49. Rd6 Ke7 50. Ke3 Rc4 51. Nb5 Be6 52. Nd4 1-0

[Event "SR 2. liga A 2007/2008"]
[Site "?"]
[Date "2008.02.03"]
[Round "8.2"]
[White "Pacher, Milan"]
[Black "Klemanic, Emil"]
[Result "1-0"]
[WhiteElo "2325"]
[BlackElo "2273"]
[Annotator ",Kaiko"]
[PlyCount "53"]
[EventDate "2007.??.??"]
[WhiteTeam "Slovakia"]
[BlackTeam "Slovakia"]
[WhiteTeamCountry "SVK"]
[BlackTeamCountry "SVK"]
[TimeControl "240+2"]

{74MB, Hiarcs10.ctg} 1. e4 d6 2. d4 Nf6 3. Nc3 e5 4. Nf3 Nbd7 5. Bc4 Be7 6. O-O
O-O 7. Re1 c6 8. a4 Qc7 9. b3 Nb6 10. Be2 Bg4 11. Be3 Nbd7 12. h3 Bh5 13. Nd2
Bxe2 14. Qxe2 Rfe8 15. Nc4 a6 16. a5 exd4 17. Bxd4 d5 18. exd5 cxd5 19. Ne3 Bc5
20. Ncxd5 Nxd5 21. Nxd5 Qc6 22. Qc4 Bd6 23. Qxc6 bxc6 24. Nb6 Rxe1+ 25. Rxe1
Nxb6 26. axb6 Kf8 27. Ra1 1-0

[Event "SR 2. liga A 2007/2008"]
[Site "?"]
[Date "????.??.??"]
[Round "8.2"]
[White "Polasek, Filip"]
[Black "Antala, Jan"]
[Result "1-0"]
[WhiteElo "2102"]
[BlackElo "1942"]
[Annotator "Jureak"]
[PlyCount "105"]
[EventDate "2007.??.??"]
[WhiteTeam "Slovakia"]
[BlackTeam "Slovakia"]
[WhiteTeamCountry "SVK"]
[BlackTeamCountry "SVK"]

1. e4 e6 2. d4 d5 3. exd5 exd5 4. Nf3 Bd6 5. Nc3 c6 6. Bd3 Ne7 7. Bg5 h6 8. Bh4
Qc7 9. Bg3 Bxg3 10. hxg3 Bf5 11. Ne5 Bxd3 12. Qxd3 Nd7 13. f4 Nxe5 14. dxe5 Qd7
15. O-O-O O-O-O 16. Rhe1 Qg4 17. Qd4 Kb8 18. Na4 Qc8 19. Qb4 Rhe8 20. Nc5 Ng6
21. Re3 Nf8 22. Rb3 b6 23. Ra3 Ne6 24. Qa4 Re7 25. Na6+ Ka8 26. Nb4 b5 27. Qa6
Rc7 28. Nxc6 Qxa6 29. Rxa6 Rdc8 30. Nb4 d4 31. Rd2 Rc4 32. Nd5 Kb7 33. Ra3 Rd8
34. Ne7 g6 35. f5 Rc7 36. fxe6 Rxe7 37. exf7 Rxf7 38. Rf3 Re7 39. Re2 Re6 40.
Rf7+ Kb6 41. Kd2 a5 42. Kd3 Kc6 43. Re4 Rd5 44. Rf6 Kd7 45. Rxe6 Kxe6 46. Rxd4
Rxe5 47. Re4 Kd6 48. Rxe5 Kxe5 49. a4 bxa4 50. Kc4 h5 51. Kb5 a3 52. bxa3 Kd6
53. c4 1-0